000
00271nam a2200121Ia 4500
008
190216s9999||||xx |||||||||||||| ||und||
100
_a
V.Saran
245
0
_a
International Financial Management
250
_a
3rd Ed.
260
_b
Phi
_c
2005
300
_a
334p
942
_c
BK
999
_c
6965
_d
6965